[Event "Titled Tuesday 2020.06.30"]
[Site "chess.com INT"]
[Date "2020.06.30"]
[Round "4"]
[White "Pon, Matt"]
[Black "Yang, Kaiqi"]
[Result "0-1"]
[WhiteElo "2185"]
[BlackElo "2481"]
[PlyCount "86"]
[EventDate "2020.06.30"]
[EventType "swiss (blitz)"]
[EventRounds "10"]
[EventCountry "NET"]
[Source "ChessMix"]
[SourceDate "2020.07.10"]

1. e4 c5 2. Nf3 d6 3. g3 Nc6 4. Bg2 g6 5. O-O Bg7 6. c3 Nf6 7. Re1 O-O 8. h3 e5
9. d3 Re8 10. a3 b5 11. b4 a5 12. bxa5 Rxa5 13. Nbd2 Ra7 14. Rb1 Qa5 15. Qc2
Bd7 16. Nf1 Rb8 17. Ne3 Qa4 18. Qxa4 Rxa4 19. Bf1 Ra5 20. Kg2 Be6 21. Be2 Nd7
22. Bd1 Nb6 23. Re2 Na4 24. Bxa4 Rxa4 25. Nd5 Bxd5 26. exd5 Ne7 27. c4 b4 28.
axb4 Raxb4 29. Rxb4 Rxb4 30. Rb2 Rxb2 31. Bxb2 e4 32. dxe4 Bxb2 33. Ne1 f5 34.
Nd3 Bd4 35. Kf3 Kf7 36. exf5 gxf5 37. Nf4 Ng6 38. Ne6 Kf6 39. Ke2 Ne5 40. f4
Nxc4 41. Nxd4 cxd4 42. Kd3 Nb6 43. Kxd4 h5 0-1

[Event "Titled Tuesday 2020.06.30"]
[Site "chess.com INT"]
[Date "2020.06.30"]
[Round "6"]
[White "Yang, Kaiqi"]
[Black "Belezky, Alexander"]
[Result "1/2-1/2"]
[WhiteElo "2481"]
[BlackElo "2382"]
[PlyCount "67"]
[EventDate "2020.06.30"]
[EventType "swiss (blitz)"]
[EventRounds "10"]
[EventCountry "NET"]
[Source "ChessMix"]
[SourceDate "2020.07.10"]

1. e4 c5 2. Nf3 d6 3. c3 Nf6 4. Be2 Nc6 5. d3 e6 6. Nbd2 Be7 7. Nf1 O-O 8. Ng3
Rb8 9. a4 a6 10. O-O b5 11. axb5 axb5 12. d4 e5 13. d5 Na5 14. b4 cxb4 15. cxb4
Nc4 16. Qb3 Qb6 17. Bxc4 bxc4 18. Qxc4 Qxb4 19. Qxb4 Rxb4 20. Ba3 Ra4 21. Nxe5
Nxe4 22. Nc6 Bf6 23. Bb2 Rxa1 24. Bxa1 Nxg3 25. hxg3 Bxa1 26. Rxa1 Bb7 27. Ra7
Bxc6 28. dxc6 Rc8 29. Rd7 Kf8 30. Rxd6 Ke7 31. Rd7+ Ke6 32. g4 Rxc6 33. Rd8 h6
34. f3 1/2-1/2

[Event "Titled Tuesday 2020.06.30"]
[Site "chess.com INT"]
[Date "2020.06.30"]
[Round "7"]
[White "Isajevsky, Anton"]
[Black "Yang, Kaiqi"]
[Result "1-0"]
[WhiteElo "2403"]
[BlackElo "2481"]
[PlyCount "118"]
[EventDate "2020.06.30"]
[EventType "swiss (blitz)"]
[EventRounds "10"]
[EventCountry "NET"]
[Source "ChessMix"]
[SourceDate "2020.07.10"]

1. c4 c6 2. Nf3 d5 3. e3 e6 4. Nc3 f5 5. b3 Nf6 6. Bb2 Bd6 7. Rc1 O-O 8. Qc2
Na6 9. Be2 Nc7 10. d4 Ne4 11. O-O Bd7 12. Ne5 Be8 13. f3 Nxc3 14. Bxc3 Bh5 15.
c5 Bxe5 16. dxe5 Qg5 17. Bd2 Qe7 18. Qb2 g5 19. Qd4 Qg7 20. a4 g4 21. f4 Be8
22. Be1 Qe7 23. b4 a6 24. h3 h5 25. Kh2 Rf7 26. Bd3 Rg7 27. h4 Bd7 28. g3 Rf7
29. Rf2 Rff8 30. Ra2 Ra7 31. Rca1 Rfa8 32. Bc3 Qe8 33. Kg2 Qf8 34. Be2 Kg7 35.
Kf2 Kg6 36. Qd2 Qf7 37. Bd4 Qf8 38. Qc3 Qe8 39. Bd3 Qe7 40. Ke2 Qe8 41. Kd2 Kh6
42. Ke2 Kg6 43. Kf2 Kh6 44. Qb2 Kg6 45. b5 axb5 46. axb5 Rxa2 47. Rxa2 Rxa2 48.
Qxa2 cxb5 49. Qa7 Qa8 50. Qb6 Qc8 51. Qd6 Kf7 52. c6 Bxc6 53. Bc5 Qe8 54. Qxc7+
Qd7 55. Qb8 Qe8 56. Qd6 Qd7 57. Qf8+ Kg6 58. Qg8+ Qg7 59. Qxe6+ Kh7 1-0

[Event "Titled Tuesday 2020.06.30"]
[Site "chess.com INT"]
[Date "2020.06.30"]
[Round "8"]
[White "Yang, Kaiqi"]
[Black "Hernandez, Alex"]
[Result "1-0"]
[WhiteElo "2481"]
[BlackElo "2132"]
[PlyCount "125"]
[EventDate "2020.06.30"]
[EventType "swiss (blitz)"]
[EventRounds "10"]
[EventCountry "NET"]
[Source "ChessMix"]
[SourceDate "2020.07.10"]

1. d4 Nf6 2. c4 e6 3. Nc3 Bb4 4. e3 c5 5. Nf3 d5 6. Bd3 Nbd7 7. cxd5 exd5 8.
O-O c4 9. Bc2 O-O 10. Ne5 Bxc3 11. bxc3 Nxe5 12. dxe5 Ne4 13. Qd4 f5 14. Ba3
Re8 15. Rfd1 Be6 16. f3 Ng5 17. Ba4 Qa5 18. Bxe8 Qxa3 19. h4 Nxf3+ 20. gxf3
Rxe8 21. Rd2 b5 22. Kh2 a5 23. Rg1 Qe7 24. Rdg2 g6 25. Qf4 Bf7 26. Qxf5 Qxe5+
27. Qxe5 Rxe5 28. Re1 b4 29. cxb4 axb4 30. Kg3 d4 31. Kf4 Re8 32. Rb1 d3 33.
Rd2 Rd8 34. Ke4 Be6 35. Ke5 Bf5 36. e4 c3 37. exf5 cxd2 38. fxg6 hxg6 39. Rd1
Kg7 40. Rxd2 Kh6 41. Ke4 Kh5 42. Rxd3 Rxd3 43. Kxd3 Kxh4 44. Kc4 Kg3 45. Kxb4
Kxf3 46. a4 g5 47. a5 g4 48. a6 g3 49. a7 g2 50. a8=Q+ Kf2 51. Qa7+ Kf1 52.
Qf7+ Ke1 53. Qe6+ Kf1 54. Qf5+ Ke1 55. Qe4+ Kf1 56. Qf3+ Kg1 57. Kc3 Kh2 58.
Qh5+ Kg1 59. Kd2 Kf2 60. Qf5+ Kg3 61. Qg5+ Kf2 62. Qh4+ Kg1 63. Ke3 1-0

[Event "Titled Tuesday 2020.06.30"]
[Site "chess.com INT"]
[Date "2020.06.30"]
[Round "9"]
[White "Dutta, Joydeep"]
[Black "Yang, Kaiqi"]
[Result "0-1"]
[WhiteElo "2101"]
[BlackElo "2481"]
[PlyCount "120"]
[EventDate "2020.06.30"]
[EventType "swiss (blitz)"]
[EventRounds "10"]
[EventCountry "NET"]
[Source "ChessMix"]
[SourceDate "2020.07.10"]

1. d4 d5 2. c4 c6 3. Nc3 Nf6 4. e3 Bf5 5. cxd5 cxd5 6. Qb3 Bc8 7. Nf3 Nc6 8.
Bd3 a6 9. a3 Na5 10. Qc2 e6 11. O-O Be7 12. Bd2 O-O 13. Rac1 Bd7 14. b4 Nc4 15.
Bxc4 dxc4 16. Ne5 Rc8 17. Nxd7 Qxd7 18. Ne4 Nxe4 19. Qxe4 b5 20. Bc3 Qd5 21.
Qg4 f5 22. Qg3 Bd6 23. Qf3 Rf6 24. Rfe1 Qxf3 25. gxf3 Rg6+ 26. Kh1 Rh6 27. f4
Kf7 28. Rcd1 g5 29. d5 gxf4 30. dxe6+ Rxe6 31. Rg1 Rg8 32. Rxg8 Kxg8 33. exf4
Bxf4 34. Rd8+ Kf7 35. Rd7+ Re7 36. Rd5 Ke6 37. Rc5 Rc7 38. Rxc7 Bxc7 39. Kg2
Be5 40. Bd2 Bb2 41. Kf3 c3 42. Be3 c2 43. Bd2 c1=Q 44. Bxc1 Bxc1 45. Ke2 Bxa3
46. Kd3 Bxb4 47. f3 Bd6 48. Kd4 Bxh2 49. Kc3 h5 50. Kb4 Bc7 51. Kc5 h4 52. Kc6
h3 53. Kxc7 h2 54. Kb7 h1=Q 55. Kxa6 Qxf3 56. Kxb5 Qc3 57. Ka4 Qb2 58. Ka5 Kd6
59. Ka6 Kc6 60. Ka5 Qb5# 0-1

[Event "Titled Tuesday 2020.06.30"]
[Site "chess.com INT"]
[Date "2020.06.30"]
[Round "10"]
[White "Yang, Kaiqi"]
[Black "Blomqvist, Erik"]
[Result "1-0"]
[WhiteElo "2481"]
[BlackElo "2537"]
[PlyCount "83"]
[EventDate "2020.06.30"]
[EventType "swiss (blitz)"]
[EventRounds "10"]
[EventCountry "NET"]
[Source "ChessMix"]
[SourceDate "2020.07.10"]

1. e4 c5 2. Nc3 e6 3. Nge2 Nc6 4. d4 cxd4 5. Nxd4 a6 6. Be2 Qc7 7. O-O Nf6 8.
Be3 Be7 9. f4 d6 10. Qe1 O-O 11. Kh1 Nxd4 12. Bxd4 b5 13. a3 Nd7 14. Bd3 Bb7
15. Qg3 Bf6 16. Bxf6 Nxf6 17. Rae1 Nd7 18. Qh3 Nc5 19. f5 exf5 20. exf5 f6 21.
Re3 Rae8 22. Rfe1 Nxd3 23. cxd3 Qd7 24. Re6 Qc6 25. d4 Rxe6 26. fxe6 d5 27. Qh5
Re8 28. Qf7+ Kh8 29. e7 Qc8 30. Nxd5 Bxd5 31. Qxd5 Rxe7 32. Rd1 h6 33. h3 Qc2
34. Qd8+ Kh7 35. Rg1 Re3 36. Qd5 Qd3 37. Kh2 Re2 38. Rf1 Rd2 39. Rf4 Qe3 40.
Qf5+ Kh8 41. Re4 Qxh3+ 42. Kxh3 1-0

[Event "Titled Tuesday 2020.06.16"]
[Site "chess.com INT"]
[Date "2020.06.16"]
[Round "1"]
[White "Yang, Kaiqi"]
[Black "Krysa, Leandro Sergio"]
[Result "0-1"]
[WhiteElo "2481"]
[BlackElo "2531"]
[PlyCount "140"]
[EventDate "2020.06.16"]
[EventType "swiss"]
[EventRounds "10"]
[EventCountry "NET"]
[Source "ChessMix"]
[SourceDate "2020.07.01"]

1. e4 e5 2. Nf3 Nc6 3. Bb5 a6 4. Ba4 Nge7 5. c3 g6 6. d4 exd4 7. cxd4 b5 8. Bb3
Bg7 9. Nc3 Na5 10. Bc2 O-O 11. h4 d6 12. h5 Bg4 13. h6 Bh8 14. Bg5 Qd7 15. Rh4
Rfe8 16. Kf1 Nac6 17. Ne2 Nb4 18. Bb3 c5 19. Qd2 Bxf3 20. gxf3 Ra7 21. Rf4 Rf8
22. Bf6 Bxf6 23. Rxf6 Qh3+ 24. Kg1 Nbc6 25. Bd5 Nxd5 26. exd5 Nxd4 27. Nxd4
cxd4 28. Qxd4 Qxh6 29. Rxd6 Qg5+ 30. Kf1 Re7 31. Rxa6 Qh5 32. Qg4 Qh1+ 33. Qg1
Qxf3 34. Ra3 Qxd5 35. Rg3 Rfe8 36. Qg2 Qe5 37. Kg1 Qxb2 38. Rf1 Qe5 39. Re3 Qd4
40. Rg3 Re1 41. Rxe1 Rxe1+ 42. Kh2 Qe5 43. Qa8+ Kg7 44. Qf3 Re4 45. Kg2 Rf4 46.
Qc6 Qe4+ 47. Qxe4 Rxe4 48. Rg5 Ra4 49. Rxb5 Rxa2 50. Kg3 h5 51. f3 Ra3 52. Rc5
Ra6 53. Rb5 Rf6 54. Rc5 Re6 55. Rb5 Kf6 56. Rc5 g5 57. Rb5 Kg6 58. Rc5 f6 59.
Rb5 Re2 60. Rc5 h4+ 61. Kh3 Rf2 62. Rc3 Kh5 63. Rd3 Rxf3+ 64. Rxf3 g4+ 65. Kg2
gxf3+ 66. Kxf3 Kg5 67. Kg2 Kg4 68. Kh2 f5 69. Kg2 f4 70. Kf2 f3 0-1

[Event "Titled Tuesday 2020.06.16"]
[Site "chess.com INT"]
[Date "2020.06.16"]
[Round "4"]
[White "Grinberg, Eyal"]
[Black "Yang, Kaiqi"]
[Result "1-0"]
[WhiteElo "2491"]
[BlackElo "2481"]
[PlyCount "103"]
[EventDate "2020.06.16"]
[EventType "swiss"]
[EventRounds "10"]
[EventCountry "NET"]
[Source "ChessMix"]
[SourceDate "2020.07.01"]

1. e4 e5 2. Nf3 Nc6 3. Bb5 a6 4. Ba4 Nf6 5. O-O Be7 6. Re1 b5 7. Bb3 O-O 8. h3
d6 9. c3 Na5 10. Bc2 c5 11. d4 Qc7 12. Nbd2 Nc6 13. Nf1 cxd4 14. cxd4 Nxd4 15.
Nxd4 exd4 16. Bf4 Re8 17. Ng3 Bf8 18. Bg5 Nd7 19. Rc1 Qb6 20. Nf5 Ne5 21. Nxd4
Bb7 22. Bb3 Nc4 23. Bxc4 bxc4 24. Rxc4 Rxe4 25. Rxe4 Bxe4 26. b4 d5 27. Rc6
Qxb4 28. Rc7 Bc5 29. Nb3 Bd6 30. Rd7 h6 31. Be3 Bf8 32. f3 Bg6 33. Qxd5 Re8 34.
Bf2 Qf4 35. Nd4 Rb8 36. Rb7 Rc8 37. Ne2 Qf6 38. Bd4 Qh4 39. Kh2 Re8 40. Be5 Qg5
41. f4 Qf5 42. Nd4 Qc8 43. f5 Rd8 44. Qe4 Bh7 45. Rc7 Qa8 46. Nc6 Re8 47. Ne7+
Bxe7 48. Rxe7 Rc8 49. Qg4 g6 50. Qh4 Qc6 51. Qxh6 f6 52. Qg7# 1-0

[Event "Titled Tuesday 2020.06.16"]
[Site "chess.com INT"]
[Date "2020.06.16"]
[Round "5"]
[White "Yang, Kaiqi"]
[Black "Ezat, Mohamed Mahmoud"]
[Result "1-0"]
[WhiteElo "2481"]
[BlackElo "2401"]
[PlyCount "65"]
[EventDate "2020.06.16"]
[EventType "swiss"]
[EventRounds "10"]
[EventCountry "NET"]
[Source "ChessMix"]
[SourceDate "2020.07.01"]

1. e4 c6 2. d3 d5 3. Nd2 e5 4. Ngf3 Bd6 5. d4 exd4 6. Nxd4 Nf6 7. Bd3 O-O 8.
exd5 Re8+ 9. Kf1 cxd5 10. N2f3 Nc6 11. c3 Bg4 12. h3 Bh5 13. g4 Bg6 14. Bf5 Ne4
15. Kg2 Bc5 16. Be3 Bb6 17. Bxg6 hxg6 18. Qd3 Nxd4 19. Bxd4 Qd6 20. Rhe1 f5 21.
Nh4 fxg4 22. hxg4 Rad8 23. Re2 Qf4 24. Qf3 Qg5 25. Rh1 Rf8 26. Qh3 Bxd4 27.
cxd4 Rde8 28. Nf3 Qf4 29. Ne5 Rxe5 30. dxe5 Nxf2 31. Qh8+ Kf7 32. Qxf8+ Kxf8
33. Rxf2 1-0

[Event "Titled Tuesday 2020.06.16"]
[Site "chess.com INT"]
[Date "2020.06.16"]
[Round "6"]
[White "Tekeyev, Zaur"]
[Black "Yang, Kaiqi"]
[Result "1-0"]
[WhiteElo "2396"]
[BlackElo "2481"]
[PlyCount "83"]
[EventDate "2020.06.16"]
[EventType "swiss"]
[EventRounds "10"]
[EventCountry "NET"]
[Source "ChessMix"]
[SourceDate "2020.07.01"]

1. e4 e5 2. Nf3 Nc6 3. Bc4 Bc5 4. d3 Nf6 5. O-O d6 6. c3 a6 7. a4 Ba7 8. Nbd2
h6 9. Re1 O-O 10. h3 Ne7 11. d4 Ng6 12. Bd3 Re8 13. Bc2 Be6 14. Nf1 Qc8 15. Ng3
Bxh3 16. gxh3 Qxh3 17. Bd3 Nf4 18. Bf1 Qc8 19. Be3 Ng4 20. Bxf4 exf4 21. Nh5
Re6 22. Nxf4 Rf6 23. Nd5 Qd8 24. Nxf6+ Qxf6 25. Bh3 h5 26. Bxg4 hxg4 27. Nh2 g3
28. fxg3 c5 29. Qf3 Qg6 30. Rad1 cxd4 31. cxd4 Rc8 32. Kg2 d5 33. exd5 Qd6 34.
Ng4 Qb4 35. Nf6+ Kf8 36. Nd7+ Kg8 37. Ne5 f6 38. Nd3 Qxd4 39. Nf4 Rc2+ 40. Kh3
Qc4 41. Re8+ Kf7 42. Qh5+ 1-0

[Event "Titled Tuesday 2020.06.16"]
[Site "chess.com INT"]
[Date "2020.06.16"]
[Round "7"]
[White "Yang, Kaiqi"]
[Black "Javakhishvili, Lela"]
[Result "1/2-1/2"]
[WhiteElo "2481"]
[BlackElo "2475"]
[PlyCount "112"]
[EventDate "2020.06.16"]
[EventType "swiss"]
[EventRounds "10"]
[EventCountry "NET"]
[Source "ChessMix"]
[SourceDate "2020.07.01"]

1. e4 c5 2. Nc3 g6 3. g3 Bg7 4. Bg2 Nc6 5. d3 e6 6. Be3 d6 7. Qd2 Rb8 8. Nh3 b5
9. O-O b4 10. Nd1 e5 11. f4 Nge7 12. f5 gxf5 13. exf5 Bf6 14. g4 h6 15. Bxh6
Nd4 16. c3 bxc3 17. bxc3 Nb5 18. a4 Nc7 19. Be3 Ned5 20. g5 Nxe3 21. Qxe3 Be7
22. c4 Bb7 23. Ra2 Qc8 24. Nc3 Bxg2 25. Rxg2 Rb3 26. Ne4 d5 27. Nf6+ Bxf6 28.
gxf6 e4 29. Qxc5 Qd7 30. Nf4 Kd8 31. Nxd5 Nxd5 32. cxd5 Rxd3 33. Rb1 Qc7 34.
Qb4 Re8 35. Rc2 Qb6+ 36. Qxb6+ axb6 37. Rxb6 e3 38. Re2 Kd7 39. Kg2 Rxd5 40.
Rb3 Rde5 41. Rd3+ Kc6 42. h4 Kb6 43. h5 Rg8+ 44. Kh3 Rxf5 45. Rd4 Rxh5+ 46. Rh4
Rf5 47. Rxe3 Rxf6 48. Rb4+ Ka6 49. Re5 Rh6+ 50. Rh4 Rxh4+ 51. Kxh4 Rb8 52. Rf5
Rb4+ 53. Kg5 Rxa4 54. Rxf7 Ra5+ 55. Rf5 Rb5 56. Rxb5 Kxb5 1/2-1/2

[Event "Titled Tuesday 2020.06.16"]
[Site "chess.com INT"]
[Date "2020.06.16"]
[Round "8"]
[White "Yang, Kaiqi"]
[Black "Bulmaga, Irina"]
[Result "1-0"]
[WhiteElo "2481"]
[BlackElo "2440"]
[PlyCount "143"]
[EventDate "2020.06.16"]
[EventType "swiss"]
[EventRounds "10"]
[EventCountry "NET"]
[Source "ChessMix"]
[SourceDate "2020.07.01"]

1. e4 Nf6 2. e5 Nd5 3. c4 Nb6 4. c5 Nd5 5. Nc3 c6 6. Nf3 g6 7. d4 Bg7 8. h4 h5
9. Bc4 d6 10. cxd6 exd6 11. Bg5 Ne7 12. exd6 Qxd6 13. Qe2 Be6 14. Bxe6 Qxe6 15.
Qxe6 fxe6 16. Bxe7 Kxe7 17. O-O Na6 18. Rfe1 Nc7 19. Re4 Rad8 20. Rae1 Rd6 21.
Ne2 Bh6 22. Nf4 Bxf4 23. Rxf4 Rf8 24. Rfe4 Rf5 25. R1e3 Rfd5 26. Kf1 Nb5 27.
Ne5 Rxd4 28. Nxg6+ Kf6 29. Nf4 Rxe4 30. Rxe4 Kf5 31. f3 Rd1+ 32. Kf2 Rd2+ 33.
Kg3 Nd4 34. Nxh5 e5 35. Ng7+ Kg6 36. Rg4+ Kf6 37. h5 Ne2+ 38. Kh2 Nf4 39. h6
Ng6 40. Ne8+ Kf7 41. Ng7 Rd8 42. Nf5 Rh8 43. Kg1 Kf6 44. Nd6 Rxh6 45. Nxb7 Rh7
46. Na5 c5 47. Rc4 Rc7 48. Nb3 Rd7 49. Nxc5 Rd1+ 50. Kh2 Rd2 51. Ne4+ Ke6 52.
Nxd2 Kd5 53. Rc7 Nf4 54. Rxa7 Nd3 55. a4 Nxb2 56. a5 Kd4 57. a6 Kd3 58. Rd7+
Ke3 59. a7 Nd1 60. a8=Q Nf2 61. Qe4+ Nxe4 62. Nxe4 Kf4 63. Kh3 Ke3 64. Rf7 Ke2
65. g4 Ke1 66. g5 Ke2 67. g6 Ke3 68. g7 Ke2 69. g8=Q Kf1 70. Qg2+ Ke1 71. Qd2+
Kf1 72. Ra7 1-0

[Event "Titled Tuesday 2020.06.16"]
[Site "chess.com INT"]
[Date "2020.06.16"]
[Round "9"]
[White "Matveev, Vladimir"]
[Black "Yang, Kaiqi"]
[Result "0-1"]
[WhiteElo "2368"]
[BlackElo "2481"]
[PlyCount "100"]
[EventDate "2020.06.16"]
[EventType "swiss"]
[EventRounds "10"]
[EventCountry "NET"]
[Source "ChessMix"]
[SourceDate "2020.07.01"]

1. d4 d5 2. c4 e6 3. Nf3 Be7 4. g3 Nf6 5. Bg2 O-O 6. O-O Nbd7 7. Nbd2 c6 8. a4
Ne4 9. a5 a6 10. Nxe4 dxe4 11. Nd2 f5 12. e3 Bb4 13. f3 exf3 14. Nxf3 Bxa5 15.
c5 Bc7 16. Qb3 Nf6 17. Ng5 Qe7 18. Rxf5 h6 19. Nh3 Kh8 20. Rf1 e5 21. Bd2 Bxh3
22. Bxh3 Ne4 23. Bb4 exd4 24. exd4 Qg5 25. Bg2 Nd2 26. Bxd2 Qxd2 27. Qc3 Qg5
28. Rad1 Rad8 29. b4 Rxf1+ 30. Rxf1 Qe7 31. Qd3 Be5 32. Kh1 Rxd4 33. Qg6 Bf6
34. h4 Qe5 35. Kh2 Rxh4+ 36. Kg1 Rxb4 37. Rd1 Rd4 38. Rxd4 Qxd4+ 39. Kh2 Qxc5
40. Qe8+ Kh7 41. Be4+ g6 42. Qf7+ Bg7 43. Qxg6+ Kg8 44. Qe8+ Qf8 45. Qg6 Qf7
46. Qg4 a5 47. Qc8+ Bf8 48. Qg4+ Kh8 49. Qe2 a4 50. Qb2+ Qg7 0-1

[Event "Titled Tuesday 2020.06.16"]
[Site "chess.com INT"]
[Date "2020.06.16"]
[Round "10"]
[White "Yang, Kaiqi"]
[Black "Bok, Benjamin"]
[Result "0-1"]
[WhiteElo "2481"]
[BlackElo "2624"]
[PlyCount "80"]
[EventDate "2020.06.16"]
[EventType "swiss"]
[EventRounds "10"]
[EventCountry "NET"]
[Source "ChessMix"]
[SourceDate "2020.07.01"]

1. e4 c5 2. Nc3 d6 3. g3 g6 4. Bg2 Bg7 5. d3 Nc6 6. Be3 e5 7. Qd2 Nge7 8. Bh6
O-O 9. h4 f6 10. Bxg7 Kxg7 11. h5 g5 12. Bh3 h6 13. Bxc8 Qxc8 14. O-O-O b5 15.
Kb1 b4 16. Nd5 Nxd5 17. exd5 Ne7 18. f4 Nxd5 19. Ne2 a5 20. Rhg1 Qg4 21. Nc1 a4
22. Qg2 Qe6 23. f5 Qf7 24. Ne2 Ne3 25. Qc6 Nxd1 26. Rxd1 Rfd8 27. g4 a3 28. b3
Rab8 29. Ng3 Qb7 30. Qxb7+ Rxb7 31. Ne4 Rc7 32. c4 bxc3 33. Nxc3 d5 34. Kc2 Kf7
35. Nb5 Rb7 36. Nc3 Rb4 37. Rg1 c4 38. Rg3 cxb3+ 39. axb3 Rc8 40. Kd2 Rxb3 0-1

[Event "Titled Tuesday 2020.06.09"]
[Site "chess.com INT"]
[Date "2020.06.09"]
[Round "7"]
[White "Yang, Kaiqi"]
[Black "Salinas Herrera, Pablo Patricio"]
[Result "0-1"]
[WhiteElo "2481"]
[BlackElo "2514"]
[PlyCount "94"]
[EventDate "2020.06.09"]
[EventType "swiss"]
[EventRounds "10"]
[EventCountry "NET"]
[Source "ChessMix"]
[SourceDate "2020.06.20"]

1. e4 c5 2. Nf3 d6 3. Bb5+ Nd7 4. c3 Ngf6 5. Qe2 a6 6. Ba4 b5 7. Bc2 e5 8. O-O
Bb7 9. d3 Be7 10. Nbd2 O-O 11. Re1 Re8 12. Nf1 Qc7 13. Ne3 Bf8 14. h3 d5 15.
Ng4 d4 16. Bd2 Qb6 17. a4 Rac8 18. axb5 axb5 19. Nh4 c4 20. Nf5 h5 21. Nxf6+
Nxf6 22. Qf3 g6 23. Ng3 Bg7 24. Reb1 Nd7 25. dxc4 bxc4 26. Ba4 Bc6 27. Bxc6
Qxc6 28. Nf1 Nc5 29. Ng3 Nb3 30. Bc1 Nxa1 31. Rxa1 Ra8 32. Rb1 Reb8 33. cxd4
exd4 34. Bf4 Rb3 35. Qd1 Qb5 36. e5 Bxe5 37. Bxe5 Qxe5 38. Qc2 Rab8 39. Qxc4
Rxb2 40. Rd1 Rb1 41. Rxb1 Rxb1+ 42. Kh2 h4 43. Qc8+ Kg7 44. Qc2 hxg3+ 45. fxg3
Qe1 46. g4 Qe5+ 47. g3 Re1 0-1

[Event "Titled Tuesday 2020.06.09"]
[Site "chess.com INT"]
[Date "2020.06.09"]
[Round "8"]
[White "Vyatkin, Dmitry"]
[Black "Yang, Kaiqi"]
[Result "0-1"]
[WhiteElo "2362"]
[BlackElo "2481"]
[PlyCount "68"]
[EventDate "2020.06.09"]
[EventType "swiss"]
[EventRounds "10"]
[EventCountry "NET"]
[Source "ChessMix"]
[SourceDate "2020.06.20"]

1. d4 Nf6 2. c4 e6 3. g3 Bb4+ 4. Bd2 Qe7 5. Bg2 O-O 6. Nf3 d5 7. a3 Bxd2+ 8.
Nbxd2 Rd8 9. Qc2 Nc6 10. cxd5 exd5 11. e3 Bg4 12. O-O Rd6 13. Rac1 Re8 14. b4
a6 15. Qb3 Ne4 16. Nxe4 dxe4 17. Nd2 Be6 18. Qc3 f5 19. a4 Rd5 20. Rfe1 Qxb4
21. Qxb4 Nxb4 22. Rxc7 Rd7 23. Rxd7 Bxd7 24. Rb1 a5 25. Nc4 Bxa4 26. Nxa5 Nc6
27. Nxb7 Rb8 28. Bf1 Bc2 29. Rc1 Bd3 30. Rxc6 Rxb7 31. Kg2 Rb1 32. Bxd3 exd3
33. d5 d2 34. d6 d1=Q 0-1

[Event "Oakville Winter op"]
[Site "Oakville CAN"]
[Date "2020.02.22"]
[Round "3.1"]
[White "Yang, Kaiqi"]
[Black "Sharma, Vishruth"]
[Result "1-0"]
[WhiteElo "2462"]
[BlackElo "2032"]
[PlyCount "61"]
[EventDate "2020.02.21"]
[EventType "swiss"]
[EventRounds "5"]
[EventCountry "CAN"]

1. c4 d6 2. Nc3 e5 3. Nf3 g6 4. d4 Nd7 5. g3 Bg7 6. Bg2 Ngf6 7. O-O O-O 8. e4
Ne8 9. Re1 h6 10. h3 Kh7 11. Be3 c6 12. Qc2 f5 13. exf5 gxf5 14. dxe5 Nxe5 15.
Ne2 Qf6 16. Bd4 Qf7 17. b3 Nc7 18. Rad1 Re8 19. Bc3 Qf8 20. Nh4 Ng6 21. Bxg7
Kxg7 22. Qc3+ Kh7 23. Nxg6 Kxg6 24. Nf4+ Kh7 25. Bf3 Bd7 26. Nh5 Rxe1+ 27. Rxe1
Kg6 28. Nf6 f4 29. Bh5+ Kg5 30. h4+ Kf5 31. Nxd7 1-0

[Event "Oakville Winter op"]
[Site "Oakville CAN"]
[Date "2020.02.23"]
[Round "5.1"]
[White "Yang, Kaiqi"]
[Black "Chen, Max"]
[Result "1-0"]
[WhiteElo "2462"]
[BlackElo "2258"]
[PlyCount "65"]
[EventDate "2020.02.21"]
[EventType "swiss"]
[EventRounds "5"]
[EventCountry "CAN"]

1. c4 e5 2. Nc3 Nf6 3. Nf3 Nc6 4. d3 Bb4 5. e4 d6 6. h3 h6 7. Be2 Nd4 8. Nxd4
exd4 9. Qa4+ c6 10. Qxb4 a5 11. Qb3 dxc3 12. Qxc3 Be6 13. O-O O-O 14. f4 Re8
15. Bf3 d5 16. Be3 b5 17. cxd5 cxd5 18. e5 Nh7 19. Qd4 Rc8 20. Rac1 Nf8 21.
Rxc8 Qxc8 22. Rc1 Qd7 23. Rc5 Rc8 24. Rxc8 Qxc8 25. Bxd5 Qc2 26. Be4 Bxa2 27.
f5 b4 28. Kh2 Bb3 29. Qd6 Ba4 30. e6 fxe6 31. fxe6 Qc8 32. e7 Bb3 33. Qd8 1-0

[Event "Third Saturday 105 GM"]
[Site "Novi Sad SRB"]
[Date "2019.02.06"]
[Round "1.4"]
[White "Naumkin, Igor"]
[Black "Yang, Kaiqi"]
[Result "0-1"]
[WhiteElo "2420"]
[BlackElo "2477"]
[PlyCount "70"]
[EventDate "2019.02.06"]
[EventType "tourn"]
[EventRounds "9"]
[EventCountry "YUG"]
[EventCategory "7"]
[Source "ChessMix"]
[SourceDate "2019.03.01"]

1. d4 e6 2. c4 f5 3. g3 Nf6 4. Bg2 d5 5. Nf3 c6 6. O-O Bd6 7. b3 O-O 8. Bf4
Bxf4 9. gxf4 b6 10. Nbd2 Nbd7 11. e3 Ba6 12. Rc1 Rc8 13. Kh1 Qe7 14. Rg1 Kh8
15. h3 Bb7 16. Qe2 c5 17. dxc5 Nxc5 18. Ne5 dxc4 19. Ndxc4 Nce4 20. Bf3 Rcd8
21. Rc2 Rd5 22. Kh2 Rfd8 23. a4 Kg8 24. Bxe4 Nxe4 25. f3 Nc5 26. Rc3 a6 27. Rg2
Qc7 28. b4 Nxa4 29. Rc2 Qe7 30. e4 Rd1 31. Ne3 R1d4 32. exf5 Rxf4 33. fxe6 Qxe6
34. N5g4 Bxf3 35. Qf2 Qd6 0-1

[Event "Third Saturday 105 GM"]
[Site "Novi Sad SRB"]
[Date "2019.02.07"]
[Round "2.2"]
[White "Yang, Kaiqi"]
[Black "Lee, Jun Hyeok"]
[Result "1/2-1/2"]
[WhiteElo "2477"]
[BlackElo "2363"]
[PlyCount "117"]
[EventDate "2019.02.06"]
[EventType "tourn"]
[EventRounds "9"]
[EventCountry "YUG"]
[EventCategory "7"]
[Source "ChessMix"]
[SourceDate "2019.03.01"]

1. Nf3 g6 2. c4 Bg7 3. Nc3 Nf6 4. g3 b6 5. Bg2 Bb7 6. d4 Ne4 7. Bd2 Nxd2 8.
Qxd2 O-O 9. O-O d6 10. d5 e5 11. dxe6 fxe6 12. Nd4 Bxg2 13. Kxg2 Qf6 14. Rad1
Qxd4 15. Qxd4 Bxd4 16. Rxd4 Nc6 17. Rd2 Rf7 18. f4 Raf8 19. e3 h6 20. b3 a6 21.
Ne4 e5 22. Nc3 a5 23. Rdf2 exf4 24. Rxf4 Nb4 25. Nd5 Nxa2 26. Nxc7 g5 27. Rxf7
Rxf7 28. Nb5 Rxf1 29. Kxf1 Nc1 30. Nd4 Kf7 31. Ke1 Nd3+ 32. Ke2 Nc5 33. g4 Kf6
34. Kf3 d5 35. cxd5 Ke5 36. d6 Kxd6 37. e4 Ne6 38. Nc2 Kc5 39. Ke3 b5 40. Kd3
Nf4+ 41. Kc3 Ne2+ 42. Kb2 Nd4 43. Ne3 Nf3 44. Nf5 Nxh2 45. Nxh6 Kd4 46. Nf7 Nf3
47. b4 axb4 48. Kb3 Kc5 49. e5 Nd4+ 50. Kb2 Ne6 51. Kb3 Nd4+ 52. Kb2 Kd5 53.
Nxg5 Kxe5 54. Nf7+ Ke6 55. Ng5+ Kf6 56. Ne4+ Ke5 57. Nc5 Kf4 58. Nd3+ Kxg4 59.
Nxb4 1/2-1/2